| 000 | 00841nac a22002651i 4500 | ||
|---|---|---|---|
| 003 | EG-ScBUE | ||
| 005 | 20250128090815.0 | ||
| 008 | 250128s1987 enkac f 001 0 eng d | ||
| 020 | _a0199142726 (pbk) | ||
| 020 | _a9780199142729 | ||
| 040 |
_aEG-ScBUE _beng _erda _cEG-ScBUE _dEG-ScBUE |
||
| 082 | 0 | 4 |
_a530 _bPOP _222 |
| 100 | 1 |
_aPople, Stephen, _eauthor. |
|
| 245 | 1 | 0 |
_aExplaining physics / _cStephen Pople, head of physics, Withywood School, Bristol. |
| 250 | _aGCSE edition. | ||
| 264 | 1 |
_aOxford : _bOxford University Press, _c1987. |
|
| 300 |
_a384 pages : _billustrations, portraits ; _c26 cm |
||
| 336 |
_2rdacontent _atext _btxt |
||
| 337 |
_aunmediated _2rdamedia _bn |
||
| 338 |
_avolume _bnc _2rdacarrier |
||
| 500 | _aIncludes index. | ||
| 650 | 7 |
_aPhysics. _2BUEsh |
|
| 655 | _vReading book | ||
| 942 |
_cBB _2ddc |
||
| 999 |
_c2886 _d2886 |
||